| Tag |
First Indicator |
Second Indicator |
Subfields |
| LEADER |
00000cam a2200000Ma 4500 |
| 001 |
in00002192016 |
| 005 |
20151104074155.0 |
| 008 |
030904s2004 nz j 000 1 eng d |
| 020 |
|
|
|a 186950478X (pbk.)
|
| 035 |
|
|
|a (OCoLC)ocm60835943
|
| 040 |
|
|
|a VP@
|c VP@
|d TXA
|d UtOrBLW
|
| 049 |
|
|
|a TXAM
|
| 090 |
|
|
|a PZ7.J69
|b B49 2004
|
| 100 |
1 |
|
|a Jones, V. M.
|q (Victoria Mary),
|d 1958-
|
| 245 |
1 |
0 |
|a Beyond the shroud /
|c V.M. Jones.
|
| 264 |
|
1 |
|a Auckland, N.Z. :
|b HarperCollins,
|c 2004.
|
| 300 |
|
|
|a 248 pages ;
|c 20 cm.
|
| 336 |
|
|
|a text
|b txt
|2 rdacontent
|
| 337 |
|
|
|a unmediated
|b n
|2 rdamedia
|
| 338 |
|
|
|a volume
|b nc
|2 rdacarrier
|
| 490 |
1 |
|
|a The Karazan quartet ; bk. 2
|
| 650 |
|
0 |
|a Orphans
|v Juvenile fiction.
|
| 650 |
|
0 |
|a Parallel worlds
|v Juvenile fiction.
|
| 655 |
|
7 |
|a Fantasy fiction.
|2 lcgft
|
| 800 |
1 |
|
|a Jones, V. M.
|q (Victoria Mary),
|d 1958-
|t Karazan quartet ;
|v bk. 2.
|
| 948 |
|
|
|a cataloged
|b h
|c 2006/9/27
|d c
|e rdavis
|f 8:14:23 am
|
| 994 |
|
|
|a C0
|b TXA
|
| 999 |
|
|
|a MARS
|
| 999 |
f |
f |
|s d0442cff-a436-31b5-85eb-07617cb18663
|i f992828a-0e09-35a1-8576-678840015127
|t 0
|
| 952 |
f |
f |
|p normal
|a Texas A&M University
|b College Station
|c Sterling C. Evans Library
|d Evans: Curriculum Collection (4th floor)
|t 0
|e PZ7.J69 B49 2004
|h Library of Congress classification
|i unmediated -- volume
|m A14834825497
|
| 998 |
f |
f |
|a PZ7.J69 B49 2004
|t 0
|l Evans: Curriculum Collection (4th floor)
|